000 00766nam a22002537a 4500
001 0074
003 DO-SdBPM
005 20250528081838.0
007 0074
008 151117b1983 ve | 00| 0 spa d
040 _aDO-SdBPM
_bspa
_cBPMSU
082 4 _a796.357
_bR175f 1983
_222
100 1 _aRamos, Ali
245 1 3 _aLa fiesta del béisbol /
_cAli Ramos, Nilson Guerra ; prólogo Eleazar Díaz Rangel
260 _aVenezuela :
_bInterarte,
_c1983.
300 _a246 p. :
_bil., ;
_c21 cm.
504 _aBibliografías : p. 241
590 _aInventariado, 2025/VM
650 4 _a Béisbol
_xJugadas
651 4 _aVenezuela
_xVida social y costumbres
700 1 _aDíaz Rangel, Eleazar,
_eprólogo
910 _aVMateo V. Control de calidad. BPMSU
942 _2ddc
_cBK
999 _c8763
_d8763